UBT Library

Teaching in America / (Record no. 43043)

000 -LEADER
fixed length control field 00858cam a2200277 a 4500
001 - CONTROL NUMBER
control field 15187864
005 - DATE AND TIME OF LATEST TRANSACTION
control field 20180221070959.0
008 - FIXED-LENGTH DATA ELEMENTS--GENERAL INFORMATION
fixed length control field 080221s2009 njua b 001 0 eng
010 ## - LIBRARY OF CONGRESS CONTROL NUMBER
LC control number 2008007529
020 ## - INTERNATIONAL STANDARD BOOK NUMBER
International Standard Book Number 9780205570706
020 ## - INTERNATIONAL STANDARD BOOK NUMBER
International Standard Book Number 0205570704
035 ## - SYSTEM CONTROL NUMBER
System control number (OCoLC)ocn199460860
035 ## - SYSTEM CONTROL NUMBER
System control number (OCoLC)199460860
Canceled/invalid control number (OCoLC)192082740
040 ## - CATALOGING SOURCE
Original cataloging agency DLC
Transcribing agency DLC
Modifying agency YDX
-- BAKER
-- YDXCP
-- CDX
-- BTCTA
-- DLC
041 ## - LANGUAGE CODE
Language code of text/sound track or separate title eng
043 ## - GEOGRAPHIC AREA CODE
Geographic area code n-us---
080 ## - UNIVERSAL DECIMAL CLASSIFICATION NUMBER
Universal Decimal Classification number 371.102 MOR
082 00 - DEWEY DECIMAL CLASSIFICATION NUMBER
Classification number 371.102 MOR
Edition number 22
100 1# - Rafti
Rafti 48
101 ## - Shkurtesa
Shkurtesa edu
245 10 - TITLE STATEMENT
Title Teaching in America /
Statement of responsibility, etc George S. Morrison.
504 ## - BIBLIOGRAPHY, ETC. NOTE
Bibliography, etc Includes bibliographical references (p. 484-499) and index.
906 ## - LOCAL DATA ELEMENT F, LDF (RLIN)
a 7
b cbc
c orignew
d 1
e ecip
f 20
g y-gencatlg
942 ## - ADDED ENTRY ELEMENTS (KOHA)
Source of classification or shelving scheme
Item type Books
Holdings
Withdrawn status Lost status Source of classification or shelving scheme Damaged status Not for loan Collection code Permanent location Current location Shelving location Date acquired Total Checkouts Full call number Barcode Date last seen Price effective from Koha item type
          Koleksioni i përgjithshem UBT - Lipjan UBT - Lipjan Koleksioni i përgjithshem 02/21/2018   371.102 MOR 002-2999815 02/21/2018 02/21/2018 Books
UBT Library © 2015-2024. All rights reserved University Education for Business and Technology